Catalog

Record Details

Catalog Search



Neil Armstrong : one giant leap for mankind  Cover Image Book Book

Neil Armstrong : one giant leap for mankind / Tara Dixon-Engel & Mike Jackson.

Dixon-Engel, Tara. (Author). Jackson, Mike, 1946- (Added Author).

Summary:

A biography of the first man on the moon, covering his youth, his career as an astronaut, and his life after NASA.

Record details

  • ISBN: 9781402760617 (hdbk.)
  • Physical Description: 124 pages : illustrations (some color) ; 20 cm.
  • Publisher: New York : Sterling, c2008.

Content descriptions

Bibliography, etc. Note:
Includes bibliographical references and index.
Formatted Contents Note:
From fiction to reality -- Beautiful Ohio -- A flying boilermaker -- Higher, faster, farther -- Triumph and tragedy 00 Up in the air -- Astronaut! -- Project Gemini begins -- Into space -- Apollo begins -- Reaching for the moon -- Launch time -- The Eagle has landed -- We came in peace -- Rocket man.
Subject: Armstrong, Neil, 1930- > Juvenile literature.
Armstrong, Neil, 1930-
Astronauts > United States > Biography > Juvenile literature.
Astronauts > United States > Biography.

Available copies

  • 1 of 1 copy available at scottsboropl.

Holds

  • 0 current holds with 1 total copy.
Show Only Available Copies
Location Call Number / Copy Notes Barcode Shelving Location Status Due Date
scottsboropl J 629.4 Arm 32269000890395 Juvenile - NonFiction Available -

LDR 01554cam a2200313 a 4500
001134006
003CONS
00520140703073308.0
008
020 . ‡a9781402760617 (hdbk.)
035 . ‡a(CPomAG)LMN506303
043 . ‡an-us---
08204. ‡aB ‡222
1001 . ‡aDixon-Engel, Tara.
24510. ‡aNeil Armstrong : ‡bone giant leap for mankind / ‡cTara Dixon-Engel & Mike Jackson.
260 . ‡aNew York : ‡bSterling, ‡cc2008.
300 . ‡a124 pages : ‡billustrations (some color) ; ‡c20 cm.
4901 . ‡aSterling biographies
504 . ‡aIncludes bibliographical references and index.
5050 . ‡aFrom fiction to reality -- Beautiful Ohio -- A flying boilermaker -- Higher, faster, farther -- Triumph and tragedy 00 Up in the air -- Astronaut! -- Project Gemini begins -- Into space -- Apollo begins -- Reaching for the moon -- Launch time -- The Eagle has landed -- We came in peace -- Rocket man.
520 . ‡aA biography of the first man on the moon, covering his youth, his career as an astronaut, and his life after NASA.
60010. ‡aArmstrong, Neil, ‡d1930- ‡vJuvenile literature.
60011. ‡aArmstrong, Neil, ‡d1930-
650 0. ‡aAstronauts ‡zUnited States ‡vBiography ‡vJuvenile literature.
650 1. ‡aAstronauts ‡zUnited States ‡vBiography.
7001 . ‡aJackson, Mike, ‡d1946-
830 0. ‡aSterling biographies.
959 . ‡i32269000890395 ‡lYA B Arm ‡aYoung Adult - NonFiction ‡tYA NonFiction ‡g15.00
852 . ‡p32269000890395 ‡jYA B Arm ‡gYoung Adult - NonFiction ‡cYA NonFiction ‡y15.00 ‡bSBPL
901 . ‡a134006 ‡bUnknown ‡c134006 ‡tbiblio

Additional Resources